000 00748nam a22001577a 4500
003 OSt
005 20150930141718.0
008 150930b xxu||||| |||| 00| 0 eng d
040 _cRUA
082 _aAGR SOK 2005 B030 Or.1
100 _91607
_aSOK, SOTHEA
245 _aEffect of plan spacing on chilli pepper(capsicum annuun l ) yield at crop station in the royal university of agriculture, ឥទ្ទិពលចន្លោះគុម្ពទៅលើទិន្នផលនៃដំណាំម្ទេសដែនាងនៅស្ថានីយ៍ដំណាំ សាកលវិទ្យាល័យភូមិន្ទកសិកម្ម
260 _aPhnom Penh
_bRUA
_c2005
300 _ax; 63p.
_bill.
_c29cm.
942 _2ddc
_cAGR
999 _c1516
_d1516